Expressions "froides" - Statistiques

Statistiques générales
  • Ce quiz a été pris 2 256 fois
  • Le résultat moyen est 7 sur 16
Statistiques - réponses
Indice Réponse % Correct
USA vs URSS Guerre froide
98%
Ne pas perdre ses nerfs, il faut garder son Sang-froid
84%
Local destiné à conserver les aliments au frais Chambre froide
82%
Tomber malade, d'un rhume le plus souvent Attraper froid
74%
"Les représailles s'exécutent après un certain temps" La vengeance est un plat qui se mange froid
51%
Expression animalière Froid de canard
47%
Ne pas perdre ses nerfs, il faut garder la Tête froide
42%
Créer un malaise Jeter un froid
41%
Peur à en frissonner le long de la colonne Faire froid dans le dos
36%
On pourrait en dégouliner d'effroi Sueurs froides
34%
Ça laisse indifférent... Ni chaud ni froid
32%
A ne pas briser lors de la conservation Chaîne du froid
24%
L'enthousiasme se voit refroidit Douche froide
16%
Film de Bertrand Blier (1979) Buffet froid
11%
Cette réaction nucléaire ne dégage pas vraiment d'énergie Fusion froide
7%
Météo: Masse d'air menée par une dépression Front froid
6%
Aucun quiz correspondant
Distribution des résultats
% des personnes avec chaque résultat
Percentile par nombre de réponses
Votre historique - résultats
Vous n’avez pas pris ce quiz